000 00767nam a2200217Ia 4500
005 20241129111416.0
008 241129s9999||||xx |||||||||||||| ||und||
020 _a978-93-92380-36-5
037 _aTB
040 _aCRL
_bhin
_cCRL
041 _ahin
_2hin
084 _aP152 R3
_qCRL
100 _aमेहेर, छबिल कुमार, ले.
245 0 _aराजभाषा - सन्दर्भ और प्रशासनिक हिन्दी
_cमेहेर, छबिल कुमार, ले.
260 _aदिल्ली, भारत
_bअनन्य प्रकाशन
_c2022
300 _a326पृ0
365 _aINR
_b650
650 _aHindi Language
942 _cTB
_hP152 R3
999 _c1230330
_d1230330